000 00608nam a22001937a 4500
005 20161128111656.0
010 _aENG-116676
020 _a9789350502730
_c495.00
035 _aEN-100208
037 _bDBAD/PUB
082 _a305.800954
100 _aOnkar Prasad
245 _aMusical cosmoliogy of santal /
_cby Onkar Prasad
260 _aDelhi
_bB.R. Publishing Corporation
_c2016
270 _a425,Nimri Colony,Ashok Vihar,Phase-V
_bDelhi
_e110052
300 _aix,75p. :
_c23cm(Hb)
_bill(map)
500 _aIncludes bibliographical references
942 _2ddc
_cEN
_h305.800954
_mONK
999 _c104783
_d104783